| 000 | 00466nam a2200157Ia 4500 | ||
|---|---|---|---|
| 999 |
_c17430 _d17430 |
||
| 003 | OSt | ||
| 005 | 20200606120039.0 | ||
| 008 | 190216s9999||||xx |||||||||||||| ||und|| | ||
| 040 | _cMESKC library | ||
| 082 |
_a891.433 _bSUR/S |
||
| 100 |
_aSurti, Abid _9392 |
||
| 245 | 0 |
_aGujarati Ki Shreshth Vyangya Kathayen / _cAbid Surti |
|
| 260 |
_bAmkur Prakashan, _aDelhi: _c1980. |
||
| 300 | _a45p | ||
| 942 |
_cBK _2ddc _h891.433 _iSUR/S _k891.433 _mSUR/S |
||